000 00362nab a22001097u 4500
008 130520b2003 xxu||||| |||| 00| 0 spa d
041 _aspa
100 1 _aVital, Francisco
_974103
245 0 0 _aLa Escuela Básica venezolana: una organización social compleja
_cFrancisco Vital
773 0 _tAnthropos
_gV.24, nº1,2003,págs. 29-56
_x0254-1629
_wRev38
942 _cAR
999 _c373489
_d373489